アフリカ連合(AU)の加盟国 - Statistics

General Stats
  • This quiz has been taken 132 times
  • The average score is 45 of 55
Answer Stats
加盟国 % Correct
エジプト
97%
南アフリカ
96%
スーダン
94%
南スーダン
94%
アルジェリア
93%
ソマリア
91%
マダガスカル
91%
モロッコ
91%
リビア
91%
ケニア
90%
チュニジア
90%
エチオピア
89%
コートジボワール
89%
ナイジェリア
89%
コンゴ民主共和国
88%
中央アフリカ
88%
マリ
88%
コンゴ共和国
87%
赤道ギニア
87%
セネガル
87%
レソト
87%
ガーナ
86%
タンザニア
86%
エリトリア
85%
ギニア
84%
モーリタニア
84%
ウガンダ
83%
ナミビア
83%
チャド
82%
ニジェール
82%
ボツワナ
82%
モザンビーク
82%
トーゴ
81%
ルワンダ
81%
アンゴラ
80%
エスワティニ
80%
ザンビア
80%
リベリア
80%
ジブチ
79%
ガボン
78%
シエラレオネ
78%
ベナン
78%
カメルーン
77%
ギニアビサウ
76%
ジンバブエ
76%
ブルキナファソ
75%
ブルンジ
75%
モーリシャス
75%
ガンビア
74%
セーシェル
73%
マラウイ
72%
カーボベルデ
71%
コモロ
67%
サントメ・プリンシペ
62%
サハラ・アラブ民主共和国
59%
No matching quizzes found
Score Distribution
Percent of People with Each Score
Percentile by Number Answered
Your Score History
You have not taken this quiz